Catálogo

UN CAMPO CARGADO DE FUTURO : (Registro nro. 9759)

Detalles MARC
000 -LEADER
fixed length control field 00482nam a2200169 a 4500
001 - CONTROL NUMBER
control field 9759
005 - DATE AND TIME OF LATEST TRANSACTION
control field 20180713193801.0
008 - FIXED-LENGTH DATA ELEMENTS--GENERAL INFORMATION
fixed length control field 140415s1992 mx 000 0 spa d
041 ## - LANGUAGE CODE
Language code of text/sound track or separate title spa
082 ## - DEWEY DECIMAL CLASSIFICATION NUMBER
Classification number 302.298
Item number FUE
100 1# - MAIN ENTRY--PERSONAL NAME
Personal name Fuentes N., Raúl,.
245 13 - TITLE STATEMENT
Title UN CAMPO CARGADO DE FUTURO :
Remainder of title EL ESTUDIO DE LA COMUNICACION EN AMERICA LATINA
250 ## - EDITION STATEMENT
Edition statement 1a ed.
260 ## - PUBLICATION, DISTRIBUTION, ETC.
Place of publication, distribution, etc. MEXICO :
Name of publisher, distributor, etc. CONEICC,
Date of publication, distribution, etc. 1992
300 ## - PHYSICAL DESCRIPTION
Extent 285
650 14 - SUBJECT ADDED ENTRY--TOPICAL TERM
Topical term or geographic name entry element COMUNICACION
General subdivision AMERICA LATINA
Existencias
Withdrawn status Lost status Source of classification or shelving scheme Damaged status Not for loan Collection code Home library Current library Shelving location Date acquired Source of acquisition Inventory number Total Checkouts Full call number Barcode Date last seen Price effective from Koha item type
    Dewey Decimal Classification     General Biblioteca Karol Wojtyla Biblioteca Karol Wojtyla Sala general 03/12/2013 Compra 151000000000000000057394   302.298 FUE 24243 05/01/2026 03/12/2013 Libro
    Dewey Decimal Classification     General Biblioteca Karol Wojtyla Biblioteca Karol Wojtyla Sala general 03/12/2013 Compra 151000000000000000057392   302.298 FUE 24241 05/01/2026 03/12/2013 Libro
    Dewey Decimal Classification     General Biblioteca Karol Wojtyla Biblioteca Karol Wojtyla Sala general 03/12/2013 Compra 151000000000000000057393   302.298 FUE 24242 05/01/2026 03/12/2013 Libro